Central Library OPAC University of Rajshahi

Forerunners to Everest : (Record no. 16577)

MARC details
000 -LEADER
fixed length control field 00803nam a22002291a 4500
001 - CONTROL NUMBER
control field 16577
003 - CONTROL NUMBER IDENTIFIER
rucl marc code BD-RjUL
005 - DATE AND TIME OF LATEST TRANSACTION
control field 20211209000027.0
008 - FIXED-LENGTH DATA ELEMENTS--GENERAL INFORMATION
fixed length control field 140213s1954 enkab 000 0 eng d
035 ## - SYSTEM CONTROL NUMBER
System control number (BD-RjUL)16632
040 ## - CATALOGING SOURCE
Original cataloging agency ANL
Language of cataloging eng
Transcribing agency ANL
Modifying agency BD-RjUL
041 ## - LANGUAGE CODE
Language code of text/sound track or separate title eng
082 00 - DEWEY DECIMAL CLASSIFICATION NUMBER
Classification number 915.42
Author mark and year DIF 1954
100 1# - MAIN ENTRY--PERSONAL NAME
Personal name Dittert, Rene.
9 (RLIN) 51220
245 10 - TITLE STATEMENT
Title Forerunners to Everest :
Remainder of title the story of the two Swiss expeditions of 1952 /
Statement of responsibility, etc. by Rene Dittert, Gabriel Chevalley [and] Raymond Lambert ; pref. by Sir John Hunt ; English version by Malcolm Barnes.
260 ## - PUBLICATION, DISTRIBUTION, ETC. (IMPRINT)
Place of publication, distribution, etc. London :
Name of publisher, distributor, etc. Allen & Unwin,
Date of publication, distribution, etc. 1954.
300 ## - PHYSICAL DESCRIPTION
Pagination 256 p. :
Illustrations illus. ;
Size 21 cm.
651 #0 - SUBJECT ADDED ENTRY--GEOGRAPHIC NAME
Geographic name Everest, Mount (China and Nepal).
9 (RLIN) 35381
700 1# - ADDED ENTRY--PERSONAL NAME
Personal name Chevalley, Gabriel.
Personal name Lambert, Raymond.
942 ## - ADDED ENTRY ELEMENTS (KOHA)
Source of classification or shelving scheme Dewey Decimal Classification
Koha item type Books
Holdings
Lost status Source of classification or shelving scheme Damaged status Not for loan Collection code Permanent Location Current Location Shelving location Date acquired Source of acquisition Cost, normal purchase price Total Checkouts Full call number Date last seen Copy number Koha item type
  Dewey Decimal Classification   Not For Loan Non-fiction Central Library, University of Rajshahi Central Library, University of Rajshahi Reading Room 14/02/1956 O. B. Q. 12.30   915.42 DIF 1954 13/02/2014 C-1 Books
  Dewey Decimal Classification     Non-fiction Central Library, University of Rajshahi Central Library, University of Rajshahi   10/01/1959 colombo planthrogh     915.42 DIF 1954 11/12/2019 C-2 Books